Nuevo tucán clic 2 /
Guardado en:
| Autor Principal: | |
|---|---|
| Otros Autores: | , |
| Formato: | Libro |
| Publicado: |
Buenos Aires :
Longseller,
2017
|
| Materias: | |
| Etiquetas: |
Agregar Etiqueta
Sin Etiquetas, Sea el primero en etiquetar este registro!
|
| LEADER | 01556nam a22002895a 4500 | ||
|---|---|---|---|
| 001 | CEM.cems014945 | ||
| 008 | 130507s2017##################000#0#####d | ||
| 005 | 20241220111403.0 | ||
| 245 | 1 | 0 | |a Nuevo tucán clic 2 / |c Mariana Marchegiani, Carolina Reising y Verónica Pucciarelli |
| 260 | |a Buenos Aires : |b Longseller, |c 2017 | ||
| 300 | |a 304 p. | ||
| 500 | |a Edición especial para el Ministerio de Educación de la Nación | ||
| 505 | 0 | |a Palabras para jugar -- Animales viajeros -- Lugares para vivir -- Historias e historietas -- Los trabajadores -- Salud para todos -- Volver al cuento -- Hablando la gente se entiende -- Todos juntos -- Empiezan las clases -- Especies bien cuidadas -- La ruta a villa hermosa -- Armamos una huerta -- El kiosco de la escuela -- Con la tabla de números -- La escuela cumple años -- Mil números -- Cooperar -- Animales de aquí y de allá -- Plantas bien plantadas -- Estoy creciendo -- La luz y los materiales -- ¿Se mueve? -- Los paisajes y sus formas -- Familias de todos los tiempos -- Vivir y viajar en la ciudad -- Oficios y profesiones -- Nuestro país -- Efemerides | |
| 020 | |a 9789876835176 | ||
| 100 | 1 | |a Marchegiani, Mariana | |
| 700 | 1 | |a Reising, Carolina | |
| 700 | 1 | |a Pucciarelli, Verónica | |
| 082 | 0 | 4 | |a SG372.242 |
| 653 | |a Educación | ||
| 653 | |a Manual | ||
| 653 | |a Primaria | ||
| 653 | |a Teto-primaria | ||
| 653 | |a Lengua | ||
| 653 | |a Matemática | ||
| 653 | |a Ciencias naturales | ||
| 653 | |a Ciencas sociales | ||
| 859 | |a CEMS |b BIB. CEMS - 11 de abril |h SG372.242 |i M332 |p 27555.18 |t Ej.1 |v 2 |3 2 | ||
